000 00595nam a2200241Ia 4500
003 0100
008 130303s9999 xx 000 0 und d
020 _a052143971X
040 _cARRUPELIB
050 _aBJ1012.S49 1993
100 _aSinger, Peter
245 _aPractical Ethics
250 _a2nd ed.
260 _aCambridge
260 _bCambridge University Press
260 _C1993
300 _axiii
300 _b 237p. 22cm.
650 _aETHICS
650 _bDenominations and sects - Catholic church - Dictionaries
650 _cTheology - Dictionaries
942 0 0 _03
999 _c27041
_d27041